[Event "2.BLS 0203 SK Bebenhausen - Pang Rosenh"]
[Site "?"]
[Date "2003.01.13"]
[Round "4.2"]
[White "Gohil, Harry"]
[Black "Grundherr, Martin"]
[Result "1-0"]
[WhiteElo "2354"]
[BlackElo "2343"]
[PlyCount "130"]
[EventDate "2003.??.??"]

1. d4 d5 2. Bg5 h6 3. Bh4 c6 4. Nf3 Bf5 5. Nbd2 Nd7 6. e3 Ngf6 7. Bd3 Bxd3 8.
cxd3 e6 9. Ne5 Be7 10. f4 Nxe5 11. fxe5 Nd7 12. Bg3 Bb4 13. O-O Bxd2 14. Qxd2
O-O 15. Rf4 f5 16. exf6 Nxf6 17. Raf1 Qe7 18. R4f3 Nh7 19. Be5 Rxf3 20. Rxf3
Rf8 21. Rg3 Rf7 22. h3 Nf6 23. Qe2 Nd7 24. Bf4 Qh4 25. Rg6 Nf8 26. Rg4 Qf6 27.
Be5 Qe7 28. Bf4 Kh7 29. Qe1 Ng6 30. Bb8 h5 31. Rg3 a6 32. Qe2 Kh6 33. Rf3 Qf8
34. Bd6 Qe8 35. Qf2 Rxf3 36. Qxf3 Qd8 37. Bg3 Qf6 38. Qxf6 gxf6 39. Kf2 Kg5 40.
Bd6 e5 41. dxe5 fxe5 42. d4 e4 43. Ke2 Kf5 44. g3 Ke6 45. Bc5 Kd7 46. g4 h4 47.
a4 Kc7 48. a5 Kd7 49. Kd1 Kc7 50. Kc2 Kd7 51. Kb3 Kc7 52. Ka4 Kd7 53. Bb4 Kc7
54. Be1 Kd7 55. Kb4 Kc7 56. Kc5 Kd7 57. Kb6 Kc8 58. Bb4 Kb8 59. Bd6+ Kc8 60.
Bh2 Nf8 61. Bd6 Ng6 62. Bb4 Kb8 63. Be1 Kc8 64. b4 Kb8 65. b5 axb5 1-0

[Event "2.BLS 0203 SK Bebenhausen - Pang Rosenh"]
[Site "?"]
[Date "2003.01.13"]
[Round "4.3"]
[White "Blaskowski, Johannes"]
[Black "Hoensch, Matthias"]
[Result "1-0"]
[WhiteElo "2310"]
[BlackElo "2312"]
[PlyCount "77"]
[EventDate "2003.??.??"]

1. e4 e6 2. d4 d5 3. exd5 exd5 4. Qf3 Nf6 5. h3 Bd6 6. Bd3 O-O 7. Ne2 c5 8.
dxc5 Bxc5 9. Bg5 Qa5+ 10. Bd2 Qb6 11. Nbc3 Bd7 12. O-O Bc6 13. Rab1 a5 14. Nf4
Qd8 15. Rbd1 Nbd7 16. Rfe1 Qb6 17. Kf1 Qc7 18. Ncxd5 Nxd5 19. Nxd5 Qh2 20. Bf4
Bxd5 21. Bxh7+ Kh8 22. Rxd5 Qh1+ 23. Ke2 Rae8+ 24. Be4 Rxe4+ 25. Qxe4 Nf6 26.
Rxh1 Nxe4 27. Kf3 f5 28. Be3 Bxe3 29. fxe3 b6 30. Rhd1 Kh7 31. Re5 Rf6 32. Rdd5
Nd6 33. b3 Kg6 34. c4 Nf7 35. Re7 Ng5+ 36. Kf4 Ne6+ 37. Ke5 Ng5 38. Rd2 Nf7+
39. Kf4 1-0

[Event "2.BLS 0203 SK Bebenhausen - Pang Rosenh"]
[Site "?"]
[Date "2003.01.13"]
[Round "4.4"]
[White "Lorscheid, Gerhard"]
[Black "Vogel, Robert"]
[Result "1/2-1/2"]
[WhiteElo "2307"]
[BlackElo "2310"]
[PlyCount "61"]
[EventDate "2003.??.??"]

1. d4 Nf6 2. c4 g6 3. Nc3 d5 4. Bf4 Bg7 5. e3 O-O 6. Nf3 c5 7. dxc5 Qa5 8. Rc1
dxc4 9. Bxc4 Qxc5 10. Bb3 Nc6 11. O-O Qa5 12. h3 Bf5 13. Qe2 e5 14. Bg3 Ne4 15.
Nxe4 Bxe4 16. Rfd1 Rad8 17. Rxd8 Qxd8 18. Qb5 Bxf3 19. gxf3 Qe7 20. Bd5 Rc8 21.
f4 exf4 22. Bxf4 Rd8 23. Bg2 h6 24. Rc2 Rd1+ 25. Kh2 a6 26. Qe2 Qd7 27. a3 Be5
28. Bxe5 Nxe5 29. f4 Nc6 30. Bf3 Rd6 31. Bxc6 1/2-1/2

[Event "2.BLS 0203 SK Bebenhausen - Pang Rosenh"]
[Site "?"]
[Date "2003.01.13"]
[Round "4.5"]
[White "Duer, Werner"]
[Black "Kabisch, Thilo"]
[Result "0-1"]
[WhiteElo "2285"]
[BlackElo "2310"]
[PlyCount "80"]
[EventDate "2003.??.??"]

1. d4 Nf6 2. Nf3 g6 3. g3 Bg7 4. Bg2 O-O 5. O-O d6 6. c4 Nc6 7. Nc3 a6 8. b3
Rb8 9. Bb2 b5 10. cxb5 axb5 11. e3 e6 12. Ne1 Qd7 13. Nd3 b4 14. Ne2 Ba6 15.
Rc1 Ne7 16. Qc2 Rfc8 17. Rfd1 Qb5 18. Qd2 c5 19. dxc5 dxc5 20. Be5 Rb6 21. Qb2
Ne8 22. Bxg7 Nxg7 23. h4 Rd6 24. Nef4 Rcd8 25. Bf1 Qb6 26. Qc2 f6 27. Nb2 Bxf1
28. Kxf1 Qa6+ 29. Nc4 e5 30. Ne2 Rd5 31. Rxd5 Nxd5 32. Rd1 Ne6 33. Rd2 Kf7 34.
Qd1 Qa8 35. Kg1 g5 36. e4 Nc3 37. Nxc3 Rxd2 38. Qxd2 Nd4 39. Qd1 bxc3 40. hxg5
c2 0-1

[Event "2.BLS 0203 SK Bebenhausen - Pang Rosenh"]
[Site "?"]
[Date "2003.01.13"]
[Round "4.6"]
[White "Maeurer, Christoph Dr"]
[Black "Geisler, Fabian"]
[Result "0-1"]
[WhiteElo "2330"]
[BlackElo "2273"]
[PlyCount "160"]
[EventDate "2003.??.??"]

1. g3 f5 2. Bg2 Nf6 3. c4 g6 4. Nc3 Bg7 5. d3 O-O 6. e4 fxe4 7. dxe4 d6 8. Nge2
c5 9. h3 Nc6 10. O-O e5 11. Rb1 Be6 12. b3 Qd7 13. Kh2 Rf7 14. f4 Raf8 15. Nd5
Nh5 16. f5 gxf5 17. Nec3 fxe4 18. Rxf7 Bxf7 19. Nxe4 Bg6 20. Bg5 Kh8 21. a3 Rf7
22. b4 cxb4 23. axb4 Nd4 24. Ra1 b6 25. Ra3 Bxe4 26. Bxe4 Nf6 27. Bxf6 Bxf6 28.
Qh5 Bd8 29. Ra2 Qe6 30. Ne3 Qf6 31. Ng4 Qf1 32. Nh6 Rf2+ 33. Rxf2 Qxf2+ 34. Bg2
Ne2 35. h4 Qxg3+ 36. Kh1 Qe1+ 37. Kh2 Qg3+ 38. Kh1 Qe1+ 39. Kh2 Qxh4+ 40. Qxh4
Bxh4 41. b5 Be7 42. Nf5 Bf8 43. Bd5 Nf4 44. Bf7 Nd3 45. Kg3 Nc5 46. Kf3 a5 47.
bxa6 Nxa6 48. Kg4 Nc7 49. Kg5 b5 50. cxb5 Nxb5 51. Kf6 Nd4 52. Nxd4 exd4 53.
Bc4 Bg7+ 54. Kf5 Be5 55. Be2 Kg7 56. Kg5 h6+ 57. Kf5 Kf7 58. Bc4+ Ke7 59. Be2
Bf6 60. Ke4 Ke6 61. Bg4+ Kf7 62. Bh5+ Kg7 63. Kf5 d3 64. Ke4 d2 65. Kf5 Be5 66.
Bd1 Kf7 67. Bh5+ Ke7 68. Bf3 Kd7 69. Bd1 Kc6 70. Ke4 Kc5 71. Kd3 Bf4 72. Bf3
Bg5 73. Kc3 d5 74. Kd3 d4 75. Ke4 Kc4 76. Be2+ Kc3 77. Bd1 Be3 78. Kf3 Kb2 79.
Ke2 Kc1 80. Ba4 h5 0-1

[Event "2.BLS 0203 SK Bebenhausen - Pang Rosenh"]
[Site "?"]
[Date "2003.01.13"]
[Round "4.7"]
[White "Salvermoser, Bernd"]
[Black "Stoll, Ferdinand"]
[Result "1-0"]
[WhiteElo "2306"]
[BlackElo "2277"]
[PlyCount "115"]
[EventDate "2003.??.??"]

1. d4 f5 2. Nf3 Nf6 3. g3 g6 4. Bg2 Bg7 5. O-O O-O 6. c4 d6 7. Nc3 Qe8 8. d5 a5
9. Be3 Na6 10. Rb1 Bd7 11. h3 h6 12. Qd2 g5 13. Nd4 Nc5 14. Ndb5 Rc8 15. a3 c6
16. Nd4 Qh5 17. f3 f4 18. gxf4 gxf4 19. Bxf4 cxd5 20. cxd5 Nxd5 21. Nxd5 Qxd5
22. Be3 e5 23. f4 Ne4 24. Qd3 exd4 25. Bxe4 Qb5 26. Bd2 Qxd3 27. exd3 Bxh3 28.
Rfc1 b5 29. Bb7 Rce8 30. Kf2 Bg4 31. Be4 Kh8 32. Rc6 d5 33. Bf3 Bf5 34. Be2 Rf6
35. Rbc1 Rfe6 36. Rxe6 Rxe6 37. Rc8+ Kh7 38. Rd8 Bf6 39. Rxd5 Bh4+ 40. Kf3 Bh3
41. Bd1 Bf6 42. Rh5 Bf1 43. f5 Rc6 44. Rxh6+ Kg7 45. Rg6+ Kf7 46. Bb3+ Ke7 47.
Ke4 Rc5 48. Bf4 Rxf5 49. Bd6+ Kxd6 50. Kxf5 Bxd3+ 51. Kxf6 Bxg6 52. Kxg6 Ke5
53. Bc2 Kf4 54. Kf6 Ke3 55. Ke5 Kd2 56. Bf5 Kc1 57. Kxd4 Kxb2 58. a4 1-0

[Event "2.BLS 0203 SK Bebenhausen - Pang Rosenh"]
[Site "?"]
[Date "2003.01.13"]
[Round "4.8"]
[White "Dietzel, Jan Arthur"]
[Black "Wimmer, Herbert"]
[Result "0-1"]
[WhiteElo "2281"]
[BlackElo "2192"]
[PlyCount "90"]
[EventDate "2003.??.??"]

1. Nf3 d5 2. c4 c6 3. g3 Nf6 4. Bg2 a6 5. b3 Bf5 6. O-O h6 7. Ba3 g5 8. d3 Bg7
9. Nbd2 O-O 10. Re1 d4 11. e3 dxe3 12. Rxe3 Re8 13. Qe1 e6 14. h3 Bxd3 15. Ne5
Bh7 16. Ndf3 Nbd7 17. Rd1 Qc8 18. Bd6 Nxe5 19. Bxe5 Rd8 20. Bd6 Ne8 21. Be5
Rxd1 22. Qxd1 Qd8 23. Qa1 f6 24. Bc3 e5 25. Nh2 Qe7 26. f4 e4 27. Ng4 Rd8 28.
fxg5 hxg5 29. Kh2 f5 30. Bxg7 Nxg7 31. Nf6+ Kh8 32. Re1 Rf8 33. Nh5 Bg6 34.
Nxg7 Qxg7 35. Qc1 Qe7 36. h4 gxh4 37. Qh6+ Bh7 38. Qxh4 Qxh4+ 39. gxh4 Rd8 40.
Kg3 Rd2 41. Bh3 Rd3+ 42. Kh2 f4 43. Bc8 Rd2+ 44. Kg1 e3 45. Rf1 Bd3 0-1

[Event "2.BLS 0203 SK Viernheim - SCA St Ingber"]
[Site "?"]
[Date "2003.01.13"]
[Round "4.1"]
[White "Marcelin, Cyril"]
[Black "Beikert, Guenther Dr"]
[Result "1/2-1/2"]
[WhiteElo "2470"]
[BlackElo "2444"]
[PlyCount "135"]
[EventDate "2003.??.??"]

1. d4 d5 2. c4 c6 3. Nc3 Nf6 4. e3 e6 5. Nf3 Nbd7 6. Qc2 b6 7. cxd5 cxd5 8. Nb5
Bb4+ 9. Bd2 Bxd2+ 10. Nxd2 O-O 11. Rc1 Ba6 12. Qa4 Bxb5 13. Bxb5 a6 14. Bd3 b5
15. Qb4 Qb6 16. O-O e5 17. Nb3 exd4 18. Qxd4 Rfc8 19. Qxb6 Nxb6 20. Nd4 g6 21.
b3 Kf8 22. f3 Ke7 23. Kf2 Kd6 24. Ke2 Nbd7 25. Kd2 Nc5 26. Be2 Nfd7 27. Rc2 Ne6
28. Rfc1 Rxc2+ 29. Nxc2 Rc8 30. Rd1 Nb6 31. Kc1 f5 32. Kb2 f4 33. exf4 Nxf4 34.
Bf1 Ne6 {(=)} 35. g3 Rf8 36. Bg2 g5 37. Rd2 a5 38. Rd3 h5 39. Bh3 g4 40. Bg2
Nc5 41. Re3 d4 42. Nxd4 Nd5 43. Re2 Nd3+ 44. Ka1 Rc8 45. Nxb5+ Kd7 46. a3 Rc1+
47. Ka2 Rg1 48. Rd2 Rxg2 49. Rxg2 gxf3 50. Rg1 Ne3 51. Nc3 f2 52. Rh1 f1=Q 53.
Rxf1 Nxf1 54. b4 axb4 55. axb4 Nxh2 56. Kb3 Ke6 57. Kc4 Ne5+ 58. Kd4 Nhf3+ 59.
Ke3 Kf5 60. b5 Kg4 61. Ne4 Nc4+ 62. Kf2 Nd4 63. Nc3 Kf5 64. Kg2 Kg4 65. Kf2 Ne6
66. Nd5 Kf5 67. b6 Nd6 68. g4+ 1/2-1/2

[Event "2.BLS 0203 SK Viernheim - SCA St Ingber"]
[Site "?"]
[Date "2003.01.13"]
[Round "4.2"]
[White "Vidonyak, Roman"]
[Black "Bricard, Emmanuel"]
[Result "1/2-1/2"]
[WhiteElo "2452"]
[BlackElo "2454"]
[PlyCount "88"]
[EventDate "2003.??.??"]

1. Nf3 d6 2. d4 g6 3. c3 Bg7 4. g3 Nd7 5. Bg2 e5 6. dxe5 dxe5 7. O-O Nh6 8.
Nbd2 O-O 9. Nc4 Qe7 10. b3 e4 11. Ng5 f5 12. Rb1 Nb6 13. Nxb6 axb6 14. a4 Ng4
15. c4 h6 16. Nh3 g5 17. Kh1 Nf6 18. f3 e3 19. Qd3 Re8 20. Ng1 Bd7 21. f4 g4
22. Bxb7 Rad8 23. Bg2 Qe6 24. Qc2 Bc6 25. h4 Be4 26. Bxe4 Nxe4 27. Kh2 Nd2 28.
Bxd2 Rxd2 29. Qc1 Qe4 30. Qa3 Bf8 31. Qa1 Bb4 32. Rbd1 Kf7 33. Rc1 Red8 34. c5
bxc5 35. a5 Qd4 36. Qa4 Qd7 37. Qa1 Qd4 38. Qa4 Qb2 39. Qc6 Rxe2+ 40. Nxe2
Qxe2+ 41. Kg1 Rd2 42. Qxc7+ Ke8 43. Qc8+ Ke7 44. Qc7+ Ke8 1/2-1/2

[Event "2.BLS 0203 SK Viernheim - SCA St Ingber"]
[Site "?"]
[Date "2003.01.13"]
[Round "4.3"]
[White "Lazarev, Vladimir"]
[Black "Mandel, Andreas"]
[Result "1/2-1/2"]
[WhiteElo "2477"]
[BlackElo "2367"]
[PlyCount "84"]
[EventDate "2003.??.??"]

1. d4 Nf6 2. c4 g6 3. Nc3 Bg7 4. e4 d6 5. Nf3 O-O 6. Be2 e5 7. Be3 Na6 8. d5
Ng4 9. Bg5 f6 10. Bh4 Nh6 11. Nd2 Nf7 12. a3 c5 13. Rb1 Bh6 14. b4 Kg7 15. f3
b6 16. Nb5 Nc7 17. bxc5 dxc5 18. O-O Be3+ 19. Bf2 Bxf2+ 20. Rxf2 Nxb5 21. Rxb5
Nd6 22. Rb1 Bd7 23. Qc2 Qe7 24. Bd3 Rab8 25. Qc3 g5 26. Nf1 h6 27. Ne3 Rfc8 28.
Rfb2 Rb7 {(=)} 29. Qc1 Rcb8 30. h4 Rh8 31. g4 Rbb8 32. Rh2 Rbg8 33. Kg2 Kf8 34.
Qh1 Qg7 35. Kf2 h5 36. gxh5 Rxh5 37. hxg5 Rxh2+ 38. Qxh2 Qxg5 39. a4 Ke7 40.
Bc2 Kd8 41. Ra1 a5 42. Rb1 Kc7 1/2-1/2

[Event "2.BLS 0203 SK Viernheim - SCA St Ingber"]
[Site "?"]
[Date "2003.01.13"]
[Round "4.4"]
[White "Wegerle, Joerg"]
[Black "Pirrot, Dieter"]
[Result "1/2-1/2"]
[WhiteElo "2365"]
[BlackElo "2421"]
[PlyCount "45"]
[EventDate "2003.??.??"]

1. e4 e5 2. Nf3 Nf6 3. Nc3 Nc6 4. Bb5 Nd4 5. Be2 Nxf3+ 6. Bxf3 Bc5 7. d3 a6 8.
O-O d6 9. Qe1 O-O 10. Be3 h6 11. Rd1 Qe7 12. d4 exd4 13. Bxd4 Bxd4 14. Rxd4 Qe5
15. Qd2 Re8 16. g3 Bh3 17. Bg2 Bxg2 18. Kxg2 c5 19. Rxd6 Nxe4 20. Nxe4 Qxe4+
21. Kg1 Re5 22. Rd1 Rae8 23. Rd8 {(=)} 1/2-1/2

[Event "2.BLS 0203 SK Viernheim - SCA St Ingber"]
[Site "?"]
[Date "2003.01.13"]
[Round "4.5"]
[White "Becking, Stephan"]
[Black "Kratochwil, Christian"]
[Result "1/2-1/2"]
[WhiteElo "2315"]
[BlackElo "2319"]
[PlyCount "77"]
[EventDate "2003.??.??"]

1. c4 c5 2. Nc3 Nc6 3. g3 g6 4. Bg2 Bg7 5. e3 d6 6. Nge2 h5 7. d4 Bd7 8. h4 Nh6
9. b3 a6 10. O-O Rb8 11. Bb2 O-O 12. Qd2 cxd4 13. exd4 Nf5 14. Nd5 e6 15. Ndf4
e5 16. d5 Na7 17. Nd3 Re8 18. Nc3 Nd4 19. Ne4 Bf5 20. Rad1 Nc8 21. b4 Bh3 22.
Bxd4 Bxg2 23. Kxg2 exd4 24. Qg5 Nb6 25. Qxd8 Rexd8 26. Rc1 Rbc8 27. Nxd6 Rxd6
28. c5 Rxd5 29. cxb6 Rc3 30. Nc5 a5 31. a3 axb4 32. axb4 Rd6 33. Ra1 Rc2 34.
Ra8+ Kh7 35. Ne4 Rd7 36. Nc5 Rd6 37. Ne4 Rd7 38. Nc5 Rd6 39. Ne4 1/2-1/2

[Event "2.BLS 0203 SK Viernheim - SCA St Ingber"]
[Site "?"]
[Date "2003.01.13"]
[Round "4.6"]
[White "Crut, Aurelien"]
[Black "Drollinger, Dennis"]
[Result "1-0"]
[WhiteElo "2333"]
[BlackElo "2281"]
[PlyCount "63"]
[EventDate "2003.??.??"]

1. e4 c5 2. Nf3 e6 3. c3 Nf6 4. e5 Nd5 5. d4 cxd4 6. cxd4 b6 7. Nc3 Nxc3 8.
bxc3 Be7 9. Bd3 Ba6 10. O-O Bxd3 11. Qxd3 d5 12. exd6 Qxd6 13. Ba3 Qc7 14. Bxe7
Kxe7 15. d5 Rd8 16. Rfe1 Nd7 17. dxe6 Ne5 18. Qf5 Nxf3+ 19. gxf3 f6 20. Qxh7
Rh8 21. Qxg7+ Kd6 22. Rad1+ Kc6 23. Qxc7+ Kxc7 24. Rd7+ Kc6 25. Rg7 Kd5 26. Re3
Rhe8 27. Rd7+ Kc4 28. Rf7 Rf8 29. Rxf8 Rxf8 30. e7 Re8 31. Kg2 Rg8+ 32. Kh3 1-0

[Event "2.BLS 0203 SK Viernheim - SCA St Ingber"]
[Site "?"]
[Date "2003.01.13"]
[Round "4.7"]
[White "Gross, Georg"]
[Black "Spiegel, Stefan Dr"]
[Result "1-0"]
[WhiteElo "2317"]
[BlackElo "2288"]
[PlyCount "81"]
[EventDate "2003.??.??"]

1. d4 Nf6 2. Nf3 e6 3. g3 d5 4. Bg2 Be7 5. O-O O-O 6. c4 c6 7. Nc3 Nbd7 8. Qd3
b6 9. Rd1 Ba6 10. b3 Rc8 11. e4 c5 12. exd5 exd5 13. Bb2 Qc7 14. Nb5 Bxb5 15.
cxb5 c4 16. bxc4 dxc4 17. Qe2 Rfe8 18. Ne5 c3 19. Nxd7 Nxd7 20. Bc1 c2 21. Re1
Nf6 22. Qd3 Bb4 23. Rxe8+ Rxe8 24. Bc6 Re1+ 25. Kg2 Qe7 26. Qxc2 Re2 27. Qf5
Bc3 28. Rb1 Bxd4 29. Qc8+ Qf8 30. Qxf8+ Kxf8 31. Ba3+ Kg8 32. Rd1 Rxf2+ 33. Kh3
g5 34. Rxd4 h6 35. g4 h5 36. gxh5 Nxh5 37. Bd6 f5 38. Bg3 Rc2 39. Rd8+ Kg7 40.
Be5+ Kf7 41. Bd5+ 1-0

[Event "2.BLS 0203 SK Viernheim - SCA St Ingber"]
[Site "?"]
[Date "2003.01.13"]
[Round "4.8"]
[White "Schmidt, Stefan"]
[Black "Callam, Hannes"]
[Result "1-0"]
[WhiteElo "2232"]
[BlackElo "2173"]
[PlyCount "53"]
[EventDate "2003.??.??"]

1. e4 e5 2. Nf3 Nf6 3. d4 Nxe4 4. Bd3 d5 5. Nxe5 Nd7 6. Nxd7 Bxd7 7. O-O Be7 8.
Re1 Nd6 9. Qh5 c6 10. Bg5 Nc8 11. Nd2 Kf8 12. Bxe7+ Nxe7 13. Re3 Ng8 14. Rae1
Nf6 15. Qe5 Be6 16. h3 Rc8 17. f4 Qc7 18. f5 Bd7 19. Nb3 Kg8 20. Nc5 h6 21.
Qxc7 Rxc7 22. Re7 b6 23. Nxd7 Nxd7 24. f6 g6 25. Bxg6 fxg6 26. Rg7+ Kf8 27.
Ree7 1-0

[Event "2.BLS 0203 SC Eppingen - Schmiden Canns"]
[Site "?"]
[Date "2003.01.26"]
[Round "5.1"]
[White "Holzhaeuer, Mathias"]
[Black "Gyimesi, Zoltan"]
[Result "1/2-1/2"]
[WhiteElo "2407"]
[BlackElo "2596"]
[PlyCount "50"]
[EventDate "2003.??.??"]

1. e4 e5 2. Nf3 Nc6 3. Bb5 a6 4. Bxc6 dxc6 5. Nc3 f6 6. Ng1 Bd6 7. Nge2 Ne7 8.
d3 Ng6 9. O-O O-O 10. f4 Nxf4 11. Nxf4 exf4 12. Bxf4 Bxf4 13. Rxf4 Qd4+ 14. Kh1
Be6 15. Qe1 c5 16. b3 b6 17. Ne2 Qd6 18. Qf2 Rad8 19. Rf1 Qe5 20. Ng3 Rfe8 21.
Nf5 a5 22. a4 h6 23. Rg4 Bxf5 24. Qxf5 Qxf5 25. Rxf5 Kf7 1/2-1/2

[Event "2.BLS 0203 SC Eppingen - Schmiden Canns"]
[Site "?"]
[Date "2003.01.26"]
[Round "5.2"]
[White "Medvegy, Zoltan"]
[Black "Schnepp, Gunnar"]
[Result "1-0"]
[WhiteElo "2513"]
[BlackElo "2278"]
[PlyCount "49"]
[EventDate "2003.??.??"]

1. d4 Nf6 2. Nf3 g6 3. c4 c5 4. d5 Ne4 5. Qc2 Qa5+ 6. Nfd2 f5 7. g4 Bg7 8. gxf5
gxf5 9. Bg2 Na6 10. O-O Nb4 11. Qb3 Nd6 12. Nc3 Rb8 13. Nb5 O-O 14. a3 Na6 15.
a4 Ra8 16. Nxd6 exd6 17. Nf3 Qb4 18. Qc2 Qb6 19. Nh4 Nb4 20. Qb1 Qa6 21. b3
Bxa1 22. Qxa1 Qb6 23. Qc3 Qd8 24. Qg3+ Kf7 25. Nxf5 1-0

[Event "2.BLS 0203 SC Eppingen - Schmiden Canns"]
[Site "?"]
[Date "2003.01.26"]
[Round "5.3"]
[White "Trachtmann, Mark"]
[Black "Mann, Christian"]
[Result "1/2-1/2"]
[WhiteElo "2314"]
[BlackElo "2445"]
[PlyCount "36"]
[EventDate "2003.??.??"]

1. d4 d5 2. c4 c6 3. e3 e5 4. dxe5 dxc4 5. Qxd8+ Kxd8 6. Nf3 Be6 7. Na3 Bxa3 8.
bxa3 Ne7 9. Bb2 b5 10. Ng5 Nd5 11. Ne4 Ke7 12. Be2 Nb6 13. Nc5 Rd8 14. f4 a5
15. Rc1 N6d7 16. Ne4 Nb6 17. Nc5 N6d7 18. Ne4 Nb6 1/2-1/2

[Event "2.BLS 0203 SC Eppingen - Schmiden Canns"]
[Site "?"]
[Date "2003.01.26"]
[Round "5.4"]
[White "Balzar, Andreas Dr"]
[Black "Birk, Steffen"]
[Result "1-0"]
[WhiteElo "2381"]
[BlackElo "2272"]
[PlyCount "83"]
[EventDate "2003.??.??"]

1. e4 Nf6 2. e5 Nd5 3. d4 d6 4. Nf3 dxe5 5. Nxe5 c6 6. Bc4 Bf5 7. Qf3 Be6 8.
O-O Nd7 9. Nc3 Nxe5 10. dxe5 Nc7 11. Bxe6 Nxe6 12. Be3 g6 13. Qe4 Qc8 14. f4
Ng7 15. a4 Qf5 16. Qb4 Qc8 17. a5 Nf5 18. Bc5 h5 19. Ne4 Qc7 20. Rfe1 Bh6 21.
Nd6+ Kf8 22. Nxb7 Bxf4 23. Qxf4 Qxb7 24. e6 f6 25. b4 Kg7 26. a6 Qc8 27. Qf2
Qc7 28. Rad1 Rhd8 29. Rxd8 Qxd8 30. Qe2 Qc7 31. Rd1 Nd6 32. c4 Rd8 33. h3 Nc8
34. Bd4 Qf4 35. Bxf6+ Qxf6 36. Rxd8 Nb6 37. Rd1 Qc3 38. Qd2 Qxc4 39. Qd4+ Qxd4+
40. Rxd4 Kf6 41. Rd7 Kxe6 42. Rxa7 1-0

[Event "2.BLS 0203 SC Eppingen - Schmiden Canns"]
[Site "?"]
[Date "2003.01.26"]
[Round "5.5"]
[White "Krockenberger, Martin"]
[Black "Miltner, Arndt"]
[Result "1/2-1/2"]
[WhiteElo "2264"]
[BlackElo "2384"]
[PlyCount "83"]
[EventDate "2003.??.??"]

1. c4 e5 2. g3 Nf6 3. Bg2 c6 4. d4 exd4 5. Qxd4 Na6 6. Nc3 Be7 7. Nf3 d5 8.
cxd5 Nb4 9. Qd1 Nbxd5 10. Nxd5 Nxd5 11. O-O O-O 12. Qc2 Nb4 13. Qb1 a5 14. a3
Nd5 15. Qc2 a4 16. e4 Nf6 17. Be3 Qa5 18. Rac1 Qh5 19. h4 Bg4 20. Ng5 h6 21.
Nh3 Qb5 22. Nf4 Rad8 23. f3 Bc8 24. Rfe1 Bd6 25. Bf1 Qa5 26. Qf2 Nd7 27. Red1
Qc7 28. Bh3 Rfe8 29. Kg2 Bxf4 30. Bxf4 Ne5 31. Bxc8 Qxc8 32. Qc2 Rxd1 33. Rxd1
b5 34. Bxe5 Rxe5 35. Rd6 Re6 36. e5 Rxd6 37. exd6 Qd7 38. Qc5 f6 39. f4 f5 40.
Qe5 Kf7 41. h5 Qe6 42. Kf2 1/2-1/2

[Event "2.BLS 0203 SC Eppingen - Schmiden Canns"]
[Site "?"]
[Date "2003.01.26"]
[Round "5.7"]
[White "Loehr, Markus"]
[Black "Koch, Wolfgang Max Dr"]
[Result "0-1"]
[WhiteElo "2199"]
[BlackElo "2308"]
[PlyCount "68"]
[EventDate "2003.??.??"]

1. Nf3 g6 2. c4 d6 3. d4 Bg7 4. e4 Nf6 5. Nc3 O-O 6. Be2 Nbd7 7. O-O e5 8. Qc2
c6 9. Rd1 Qe7 10. d5 c5 11. a3 Nh5 12. b4 b6 13. Ne1 Nf4 14. Nd3 Nxe2+ 15. Qxe2
f5 16. bxc5 bxc5 17. Rb1 Nf6 18. Bg5 h6 19. Bxf6 Bxf6 20. Rb3 Qd7 21. Rdb1 Bd8
22. f4 exf4 23. Nxf4 Qf7 24. Nb5 Qf6 25. Rg3 g5 26. exf5 a6 27. Nc3 Qd4+ 28.
Qf2 Qxf2+ 29. Kxf2 Rxf5 30. Nce2 Kf7 31. Rf3 gxf4 32. Nxf4 Bg5 33. g3 Bxf4 34.
gxf4 Rf6 0-1

[Event "2.BLS 0203 SC Eppingen - Schmiden Canns"]
[Site "?"]
[Date "2003.01.26"]
[Round "5.8"]
[White "Rau, Hannes"]
[Black "Bauer, Manfred"]
[Result "1-0"]
[WhiteElo "2325"]
[BlackElo "2246"]
[PlyCount "87"]
[EventDate "2003.??.??"]

1. d4 Nf6 2. c4 g6 3. Nc3 d5 4. cxd5 Nxd5 5. e4 Nxc3 6. bxc3 Bg7 7. Bc4 O-O 8.
Ne2 c5 9. O-O Nc6 10. Be3 Bg4 11. f3 Na5 12. Bd3 cxd4 13. cxd4 Be6 14. d5 Bxa1
15. Qxa1 f6 16. Bh6 Re8 17. Kh1 Rc8 18. Nf4 Bd7 19. e5 Nc4 20. e6 Ba4 21. Nxg6
hxg6 22. Bxg6 Ne5 23. Be4 Qa5 24. Qb2 Bc2 25. Bxc2 Qc3 26. Qxc3 Rxc3 27. Be4
Nc4 28. h4 Rd8 29. Rd1 b5 30. Rd4 Ra3 31. Bb1 Kh8 32. Bf4 Ra4 33. g4 Kg7 34. h5
Nb6 35. Rxa4 bxa4 36. h6+ Kf8 37. h7 Kg7 38. d6 exd6 39. e7 Re8 40. g5 fxg5 41.
Bxd6 Nc4 42. Bc5 Ne5 43. Bd4 Rxe7 44. Kg2 1-0

[Event "2.BLS 0203 SCA St Ingbert - Heidelberg "]
[Site "St. Ingbert"]
[Date "2003.01.26"]
[Round "5.1"]
[White "Ikonnikov, Viacheslav"]
[Black "Bricard, Emmanuel"]
[Result "1/2-1/2"]
[WhiteElo "2549"]
[BlackElo "2454"]
[PlyCount "96"]
[EventDate "2003.??.??"]

1. d4 Nf6 2. Nf3 d5 3. c4 e6 4. Nc3 Nbd7 5. cxd5 exd5 6. Bg5 c6 7. e3 Be7 8.
Qc2 Nh5 9. Bxe7 Qxe7 10. g4 Nhf6 11. Rg1 O-O 12. Bd3 Re8 13. O-O-O Nb6 14. Ne5
g6 15. g5 Nh5 16. f4 Ng7 17. Rde1 c5 18. Qf2 Be6 19. Kb1 Rac8 20. Rc1 cxd4 21.
exd4 Nc4 22. Bxc4 dxc4 23. Ka1 Nh5 24. Ne4 b5 25. Ng3 Nxg3 26. hxg3 f6 27. gxf6
Qxf6 28. g4 Rf8 29. Rgf1 Rc7 30. Qe3 b4 31. f5 Bd5 32. Qd2 c3 33. bxc3 bxc3 34.
Rxc3 Rxc3 35. Qxc3 Qa6 36. Rf2 Bxa2 37. Rxa2 Qf1+ 38. Kb2 Rb8+ 39. Qb3+ Rxb3+
40. Kxb3 gxf5 41. gxf5 Qb1+ 42. Rb2 Qxf5 43. Kc4 Qc8+ 44. Kd5 h5 45. Ke4 h4 46.
d5 Qf8 47. Rg2+ Kh7 48. Rh2 Kg7 1/2-1/2

[Event "2.BLS 0203 SCA St Ingbert - Heidelberg "]
[Site "St. Ingbert"]
[Date "2003.01.26"]
[Round "5.2"]
[White "Lazarev, Vladimir"]
[Black "Solomunovic, Igor"]
[Result "1-0"]
[WhiteElo "2591"]
[BlackElo "2458"]
[PlyCount "55"]
[EventDate "2003.??.??"]

1. d4 Nf6 2. c4 g6 3. Nc3 Bg7 4. e4 d6 5. f4 O-O 6. Nf3 Bg4 7. Be3 Nfd7 8. Qd2
e5 9. fxe5 dxe5 10. d5 Bxf3 11. gxf3 c6 12. O-O-O cxd5 13. cxd5 Na6 14. Kb1
Nac5 15. Be2 Rc8 16. Rc1 a5 17. Nb5 b6 18. Na7 Ra8 19. Nc6 Qc7 20. Ne7+ Kh8 21.
d6 Qb8 22. h4 h5 23. Bh6 Ne6 24. Rhg1 Ndc5 25. Bc4 Kh7 26. Bxg7 Kxg7 27. Nf5+
Kf6 28. Qg5+ 1-0

[Event "2.BLS 0203 SCA St Ingbert - Heidelberg "]
[Site "St. Ingbert"]
[Date "2003.01.26"]
[Round "5.4"]
[White "Parmentier, Xavier"]
[Black "Roos, Jean-Luc"]
[Result "1/2-1/2"]
[WhiteElo "2348"]
[BlackElo "2307"]
[PlyCount "35"]
[EventDate "2003.??.??"]

1. Nf3 d5 2. d4 Nf6 3. c4 e6 4. Nc3 Nbd7 5. Bg5 Be7 6. e3 O-O 7. Rc1 a6 8. Qc2
dxc4 9. Bxc4 c5 10. O-O b5 11. Bd3 cxd4 12. Nxd4 Bb7 13. Rfd1 h6 14. Bxf6 Bxf6
15. Be4 Bxe4 16. Nxe4 Bxd4 17. Rxd4 Rc8 18. Qxc8 1/2-1/2

[Event "2.BLS 0203 SCA St Ingbert - Heidelberg "]
[Site "St. Ingbert"]
[Date "2003.01.26"]
[Round "5.5"]
[White "Nippgen, Georg"]
[Black "Becking, Stephan"]
[Result "0-1"]
[WhiteElo "2256"]
[BlackElo "2311"]
[PlyCount "92"]
[EventDate "2003.??.??"]

1. Nf3 d5 2. g3 Nf6 3. Bg2 Bg4 4. h3 Bh5 5. b3 Nbd7 6. Bb2 e6 7. d3 c6 8. Nbd2
Qc7 9. e3 e5 10. g4 Bg6 11. Nh4 Bd6 12. Qe2 O-O-O 13. O-O-O Nc5 14. Kb1 Rhe8
15. g5 Bh5 16. Bf3 Bxf3 17. Qxf3 Ng8 18. Qf5+ Ne6 19. Qxh7 g6 20. Nhf3 Nh6 21.
Qxh6 Rh8 22. c4 Rxh6 23. gxh6 d4 24. exd4 exd4 25. Nxd4 Nxd4 26. Bxd4 Be5 27.
Bxe5 Qxe5 28. Ne4 b6 29. h4 Qh5 30. Ng5 f6 31. h7 Rh8 32. Ne4 Qf3 33. Rhe1 Rxh7
34. c5 Rxh4 35. Rd2 Rh1 36. Rxh1 Qxh1+ 37. Kb2 Qe1 38. Kc3 f5 39. Nd6+ Kd7 40.
d4 Ke6 41. Nc4 b5 42. Ne3 a5 43. Kd3 Qb1+ 44. Ke2 f4 45. Ng4 Qe4+ 46. Kd1 f3
0-1